[Event "Parana-chT U18"]
[Site "Sao Jose dos Pinhais"]
[Date "2012.11.20"]
[Round "7.1"]
[White "Paludo, Nicolas Luis S"]
[Black "Da Silva, Lucas Ulisses Tomaz"]
[Result "0-1"]
[WhiteElo "1799"]
[BlackElo "2058"]
[PlyCount "52"]
[EventDate "2012.11.14"]
[EventType "team-swiss"]
[EventRounds "7"]
[EventCountry "BRA"]
[SourceTitle "EXT 2024"]
[Source "ChessBase"]
[SourceDate "2023.10.10"]
[SourceVersion "1"]
[SourceVersionDate "2023.10.10"]
[SourceQuality "1"]
[WhiteTeam "Foz do Iguacu"]
[BlackTeam "Maringa"]
[WhiteTeamCountry "BRA"]
[BlackTeamCountry "BRA"]

1. e4 c6 2. d4 d5 3. exd5 cxd5 4. Nf3 Nc6 5. Bd3 Bg4 6. c3 Nf6 7. 0-0 e6 8. Bg5 h6 9. Bh4 g5 10. Bg3 Ne4 11. Re1 f5 12. Be5 Nxe5 13. dxe5 Qb6 14. Qa4+ Kd8 15. Qc2 Bc5 16. Rf1 Rc8 17. Bxe4 fxe4 18. Ne1 Rf8 19. b4 Bxb4 20. Qb3 Bc5 21. Qxb6+ Bxb6 22. a4 Be2 23. Ra2 Bxf1 24. Kxf1 Rc4 25. g3 Rxa4 26. Rc2 Ra1 0-1

[Event "Parana-chT U18"]
[Site "Sao Jose dos Pinhais"]
[Date "2012.11.17"]
[Round "4.1"]
[White "Paludo, Nicolas Luis S"]
[Black "Machado, Samuel Correa"]
[Result "1-0"]
[WhiteElo "1799"]
[BlackElo "1705"]
[PlyCount "129"]
[EventDate "2012.11.14"]
[EventType "team-swiss"]
[EventRounds "7"]
[EventCountry "BRA"]
[SourceTitle "EXT 2024"]
[Source "ChessBase"]
[SourceDate "2023.10.10"]
[SourceVersion "1"]
[SourceVersionDate "2023.10.10"]
[SourceQuality "1"]
[WhiteTeam "Foz do Iguacu"]
[BlackTeam "Ponta Grossa"]
[WhiteTeamCountry "BRA"]
[BlackTeamCountry "BRA"]

1. e4 d5 2. exd5 Qxd5 3. Nc3 Qa5 4. d4 Nf6 5. Bd3 Bg4 6. Be2 Bf5 7. Nf3 Nbd7 8. 0-0 c6 9. Bf4 e6 10. a3 Be7 11. h3 h6 12. Bd3 Bh7 13. Bxh7 Nxh7 14. Re1 Qf5 15. Bh2 0-0 16. Ne4 Rfe8 17. Bd6 Qb5 18. Rb1 Qb6 19. Bg3 Rad8 20. c3 Ndf8 21. Qc2 f6 22. Ned2 Rd7 23. Nc4 Qa6 24. Ncd2 Red8 25. Qb3 c5 26. dxc5 Bxc5 27. Ne4 Qb6 28. Qxb6 Bxb6 29. Re2 g5 30. Ned2 f5 31. Nc4 f4 32. Nxb6 axb6 33. Bh2 Rd1+ 34. Rxd1 Rxd1+ 35. Re1 Rxe1+ 36. Nxe1 e5 37. f3 Kf7 38. Kf1 Ke6 39. a4 Kd5 40. Ke2 Kc4 41. Bg1 Nd7 42. Kd2 Kb3 43. Nd3 Kxa4 44. Kc2 Kb5 45. Nb4 Nc5 46. Bxc5 bxc5 47. Nd3 Kc6 48. Nxe5+ Kd5 49. Nf7 h5 50. b3 b5 51. Kd3 c4+ 52. bxc4+ bxc4+ 53. Kd2 h4 54. Kc2 Kc5 55. Kb2 Kb5 56. Ka3 Kc5 57. Ka4 Nf6 58. Nxg5 Nd5 59. Ne4+ Kc6 60. Ka5 Ne3 61. Kb4 Nxg2 62. Kxc4 Ne1 63. Nd2 Ng2 64. Kd4 Kd6 65. c4 1-0

[Event "Foz do Iguacu op"]
[Site "Foz do Iguacu"]
[Date "2012.05.25"]
[Round "1"]
[White "Paludo, Nicolas Luis S"]
[Black "Osipi, Jair"]
[Result "0-1"]
[WhiteElo "1813"]
[BlackElo "2195"]
[PlyCount "62"]
[EventDate "2012.05.25"]
[EventType "swiss"]
[EventRounds "6"]
[EventCountry "BRA"]
[SourceTitle "CBM 148 Extra"]
[Source "ChessBase"]
[SourceDate "2012.06.22"]
[SourceVersion "1"]
[SourceVersionDate "2012.06.22"]
[SourceQuality "1"]

1. e4 c5 2. Nf3 Nc6 3. d4 cxd4 4. Nxd4 Nf6 5. Nc3 e5 6. Nxc6 bxc6 7. Bg5 Qb6 8. Rb1 Be7 9. Be2 0-0 10. 0-0 Re8 11. a3 Qc7 12. h3 d6 13. Bxf6 Bxf6 14. Re1 Be6 15. Bg4 Rad8 16. Bxe6 fxe6 17. Ne2 d5 18. Ng3 Qf7 19. Qf3 Rf8 20. Nh5 Bh4 21. Qxf7+ Rxf7 22. Ng3 Rdf8 23. Re2 Bd8 24. f3 Rb7 25. Nf1 Bb6+ 26. Kh1 Bd4 27. c3 Bxc3 28. Rc1 Rxb2 29. Rxb2 Bxb2 30. Rxc6 dxe4 31. Rxe6 exf3 0-1